[Event "Zagreb op-A"]
[Site "Zagreb"]
[Date "2013.02.27"]
[Round "3"]
[White "Biti, Ozren"]
[Black "Brankovic, Ljubomir"]
[Result "1-0"]
[WhiteElo "2363"]
[BlackElo "2042"]
[PlyCount "101"]
[EventDate "2013.02.25"]
[EventType "swiss"]
[EventRounds "9"]
[EventCountry "CRO"]
[SourceTitle "CBM 153 Extra"]
[Source "ChessBase"]
[SourceDate "2013.04.22"]
[SourceVersion "1"]
[SourceVersionDate "2013.04.22"]
[SourceQuality "1"]

1. e4 c5 2. Nc3 Nc6 3. Bb5 e6 4. Bxc6 bxc6 5. d3 d5 6. f4 Nf6 7. Nf3 Ba6 8. e5 Nd7 9. 0-0 Be7 10. Re1 0-0 11. b3 Nb6 12. Ne2 Qc7 13. c4 Bc8 14. Ng3 Rd8 15. Qe2 a5 16. a4 Nd7 17. Qf2 Nf8 18. Nh5 Ng6 19. Be3 Qb6 20. Rab1 Bd7 21. g4 Rdb8 22. Ng3 Qc7 23. f5 Nf8 24. Kh1 d4 25. Bg5 Bxg5 26. Nxg5 h6 27. Nxf7 Kxf7 28. fxe6+ Kxe6 29. Rf1 Be8 30. Qf5+ Ke7 31. Qxf8+ Kd8 32. Nf5 Qf7 33. Qxc5 Qa7 34. Qf8 Qf7 35. Qh8 Kc7 36. Nxd4 Qg6 37. Qxg7+ Kb6 38. Qxg6 Bxg6 39. Nf5 h5 40. h3 Ra7 41. e6 Rh8 42. Kg2 Rah7 43. g5 Rf8 44. Nh4 Bxd3 45. Rxf8 Bxb1 46. Rf7 Rh8 47. e7 Re8 48. Kf3 Bc2 49. g6 Bxb3 50. Nf5 Kc7 51. Ng7 1-0

[Event "CRO-chT3 Center-A"]
[Site "Zagreb"]
[Date "2011.10.30"]
[Round "11.62"]
[White "Frouth, Nenad"]
[Black "Brankovic, Ljubomir"]
[Result "1-0"]
[WhiteElo "2259"]
[BlackElo "2055"]
[PlyCount "73"]
[EventDate "2011.03.13"]
[EventType "team-tourn"]
[EventRounds "11"]
[EventCountry "CRO"]
[SourceTitle "EXT 2014"]
[Source "ChessBase"]
[SourceDate "2013.11.20"]
[SourceVersion "1"]
[SourceVersionDate "2013.11.20"]
[SourceQuality "1"]

1. Nf3 Nf6 2. b3 g6 3. Bb2 Bg7 4. e3 0-0 5. Be2 d6 6. d4 Nbd7 7. c4 c6 8. 0-0 Qc7 9. Nc3 e5 10. Qc2 exd4 11. exd4 Re8 12. Rfe1 Nf8 13. d5 Bf5 14. Qd2 Rad8 15. Bd3 Bxd3 16. Qxd3 N8d7 17. Rxe8+ Rxe8 18. dxc6 bxc6 19. Rd1 Nc5 20. Qxd6 Qxd6 21. Rxd6 Nfe4 22. Rxc6 Rd8 23. h3 Nxc3 24. Bxc3 Rd1+ 25. Kh2 Bxc3 26. Rxc5 a5 27. Rb5 Ra1 28. c5 Rxa2 29. c6 Bb4 30. Ne5 Bd6 31. f4 f6 32. Rd5 Bc7 33. Rd7 fxe5 34. Rxc7 exf4 35. Rd7 f3 36. c7 Rxg2+ 37. Kh1 1-0

[Event "Zagreb op-B"]
[Site "Zagreb"]
[Date "2011.04.12"]
[Round "2"]
[White "Muskardin, Mario"]
[Black "Brankovic, Ljubomir"]
[Result "1/2-1/2"]
[WhiteElo "2192"]
[BlackElo "2055"]
[PlyCount "76"]
[EventDate "2011.04.11"]
[EventType "swiss"]
[EventRounds "9"]
[EventCountry "CRO"]
[SourceTitle "CBM 141 Extra"]
[Source "ChessBase"]
[SourceDate "2011.05.03"]
[SourceVersion "1"]
[SourceVersionDate "2011.05.03"]
[SourceQuality "1"]

1. Nf3 Nf6 2. c4 g6 3. Nc3 Bg7 4. d4 d5 5. cxd5 Nxd5 6. e4 Nxc3 7. bxc3 c5 8. Bb5+ Bd7 9. Bxd7+ Nxd7 10. 0-0 0-0 11. Re1 Qc7 12. Bg5 f6 13. Be3 Rad8 14. a4 c4 15. Nd2 e5 16. a5 b5 17. axb6 axb6 18. Qa4 Rc8 19. d5 f5 20. f3 Rf7 21. Qb5 Bf8 22. Ra4 Bc5 23. Rxc4 Bxe3+ 24. Rxe3 Nc5 25. Rb4 Qd8 26. Rb1 Qg5 27. Rbe1 Ra7 28. Qxb6 Ra1 29. Nb1 Ra2 30. g3 f4 31. R3e2 Rxe2 32. Rxe2 fxg3 33. h3 Qh5 34. Kg2 Rf8 35. Re3 Ra8 36. Nd2 Ra2 37. Qd8+ Kg7 38. Qe7+ Kg8 1/2-1/2

[Event "CRO-chT3A Center"]
[Site "Zagreb"]
[Date "2010.11.07"]
[Round "9.62"]
[White "Brankovic, Ljubomir"]
[Black "Zelic, Branko"]
[Result "0-1"]
[WhiteElo "2039"]
[BlackElo "2350"]
[PlyCount "54"]
[EventDate "2010.03.21"]
[EventType "team-tourn"]
[EventRounds "11"]
[EventCountry "CRO"]
[SourceTitle "EXT 2012"]
[Source "ChessBase"]
[SourceDate "2011.11.24"]
[SourceVersion "1"]
[SourceVersionDate "2011.11.24"]
[SourceQuality "1"]

1. e4 c6 2. d4 d5 3. exd5 cxd5 4. c4 Nf6 5. Nc3 Nc6 6. Nf3 e6 7. Bd3 Be7 8. 0-0 0-0 9. h3 dxc4 10. Bxc4 b6 11. Be3 Bb7 12. a3 Na5 13. Be2 Nd5 14. Nxd5 Qxd5 15. b4 Nc4 16. Bxc4 Qxc4 17. Rc1 Qd5 18. Qe2 a5 19. b5 Bxa3 20. Rc3 Bb4 21. Rc7 Bd6 22. Rc2 Rfc8 23. Rfc1 f6 24. Ne1 a4 25. f3 a3 26. Rxc8+ Rxc8 27. Rxc8+ Bxc8 0-1